[Event "72nd MNE-ch 2020"]
[Site "Podgorica"]
[Date "2020.09.12"]
[Round "2"]
[White "Djukic, Nikola"]
[Black "Musovic, Armin"]
[Result "1-0"]
[WhiteElo "2525"]
[BlackElo "2207"]
[Annotator "RC"]
[PlyCount "105"]
[EventDate "2020.09.11"]
[EventType "swiss"]
[EventRounds "9"]
[EventCountry "MNE"]
[TimeControl "5400+30"]

1. e4 c6 2. d4 d5 3. e5 Bf5 4. h4 h6 5. g4 Be4 6. f3 Bh7 7. e6 fxe6 8. Bd3 Qd6 9. Bxh7 Rxh7 10. Qd3 Rh8 11. f4 c5 12. Nf3 Nc6 13. Qg6+ Kd8 14. Ne5 Nxe5 15. dxe5 Qa6 16. Nc3 Rc8 17. Bd2 Kc7 18. Ne2 Kb8 19. Rh3 Ka8 20. Ra3 Qc6 21. O-O-O Nf6 22. exf6 exf6 23. Kb1 d4 24. Rg3 Bd6 25. Rgg1 Qb5 26. Rge1 e5 27. fxe5 Bxe5 28. Bc1 Rhd8 29. Qf5 g6 30. Qe4 g5 31. hxg5 hxg5 32. Qf5 a5 33. Ng1 c4 34. Rxd4 Qb6 35. Rxd8 Rxd8 36. Ne2 a4 37. Qf3 Qa5 38. Rh1 Qb6 39. Nc3 a3 40. Na4 Qb4 41. Qxa3 Qxa3 42. bxa3 b5 43. Nc5 Rd4 44. Rg1 Bh2 45. Rg2 Be5 46. c3 Rd1 47. Kc2 Rf1 48. Bd2 Bd6 49. Ne4 Bxa3 50. Rf2 Ra1 51. Rxf6 Rxa2+ 52. Kd1 Rb2 53. Ra6+ 1-0

[Event "72nd MNE-ch 2020"]
[Site "Podgorica"]
[Date "2020.09.12"]
[Round "2"]
[White "Draskovic, Luka"]
[Black "Bujisic, Vlastimir"]
[Result "1-0"]
[WhiteElo "2472"]
[BlackElo "2191"]
[Annotator "TA"]
[PlyCount "107"]
[EventDate "2020.09.11"]
[EventType "swiss"]
[EventRounds "9"]
[EventCountry "MNE"]

{[%evp 12,107,48,48,69,64,74,69,66,61,105,54,76,75,151,124,154,116,144,106,103,94,156,160,190,145,335,322,309,166,156,109,106,104,110,102,110,110,111,107,133,137,124,101,135,132,134,134,119,95,85,86,72,68,88,85,68,11,315,312,301,313,275,293,453,452,435,422,445,432,618,605,572,491,649,627,849,870,863,868,835,760,760,0,662,613,12836,12836,12837,304,12837,12838,12843,12843,12844,12844,12845,12845]} 1. c4 e5 2. Nc3 Nf6 3. Nf3 d6 4. g3 c6 5. Bg2 Qc7 6. O-O Be7 7. d4 Bg4 {A46: 1 d4 Nf6 2 Nf3 e6: Torre, London and Colle Systems.} 8. b3 O-O 9. h3 Bh5 {[#] White is slightly better.} 10. Nh4 $146 ({Predecessor:} 10. Bb2 Nbd7 {½-½ (10) Ljubisavljevic,Z (2115)-Glavinac,G (2131) Skopje 2017}) 10... Re8 11. Ba3 (11. g4 $16) 11... Bf8 12. d5 c5 (12... cxd5 $142 13. g4 (13. Nxd5 Nxd5 14. Qxd5 Nc6 $16) (13. Bxd5 a6 $16) 13... d4) 13. Qd2 Na6 14. e3 Bg6 15. f4 exf4 16. exf4 {aiming for f5.} Ne4 {[#]} (16... Be4 $142) 17. Bxe4 $1 $16 Bxe4 18. f5 {Threatens to win with Rae1.} Re5 $2 (18... Nb4 $16 {was worth a try.} 19. Bb2 Qd8) 19. Bb2 Qd7 {[%cal Re4f5]} 20. Nb5 (20. Rae1 $142 Rae8 21. Ne2 (21. Nxe4 Rxe4 22. a4 Rxe1 $14)) 20... Rxf5 $18 21. Nxf5 Bxf5 22. g4 Bg6 23. a3 Nc7 24. Nxc7 Qxc7 25. a4 a6 26. h4 {h5 is the strong threat.} Qd7 27. Qg2 {Black must now prevent h5.} h5 28. gxh5 Bxh5 29. Rae1 b5 30. Qg5 Qg4+ 31. Qxg4 Bxg4 32. Rf4 f5 33. cxb5 axb5 34. Ra1 (34. Bc3 $14) 34... Be7 $2 {[%mdl 8192] Black is now going downhill.} (34... bxa4 $11 {and Black is okay.} 35. b4 (35. Raxa4 Rb8 $11) (35. bxa4 Be7 $11) (35. Rfxa4 Rb8 $11) 35... Rb8) 35. axb5 Rb8 36. Ra7 Bf8 37. Ra5 Be7 (37... Kh7 $142 38. b4 Be7 39. bxc5 Bd8) 38. Rfa4 {And now Ra8 would win.} Kf7 39. Ra7 Rxb5 {[#]} 40. Bc1 $1 Rb8 (40... Kf8 $142 41. Rd7 Ke8) 41. Bg5 Re8 42. Rc7 Kf8 43. Raa7 Bxg5 44. Rf7+ {[%mdl 64] Zwischenzug} Kg8 45. Rxg7+ Kh8 46. Rh7+ Kg8 47. Rhg7+ Kh8 {Strongly threatening ...Be3+.} 48. hxg5 {[%mdl 4096] Endgame KRR-KRB} Bf3 49. Rh7+ Kg8 50. Rag7+ Kf8 51. Rg6 {White is clearly winning.} Bxd5 52. Rh8+ Kf7 53. Rf6+ {[%mdl 64] Double Attack} Ke7 54. Rh7+ {Accuracy: White = 78%, Black = 50%.} 1-0

[Event "72nd MNE-ch 2020"]
[Site "Podgorica"]
[Date "2020.09.12"]
[Round "2"]
[White "Nikcevic, Nebojsa"]
[Black "Milovic, Jovan"]
[Result "1/2-1/2"]
[WhiteElo "2413"]
[BlackElo "2276"]
[PlyCount "33"]
[EventDate "2020.09.11"]
[EventType "swiss"]
[EventRounds "9"]
[EventCountry "MNE"]
[TimeControl "5400+30"]

1. Nf3 g6 2. d4 Bg7 3. c4 f5 4. g3 Nf6 5. Bg2 O-O 6. O-O Ne4 7. Nbd2 Nxd2 8. Bxd2 c5 9. e3 d6 10. Bc3 Nc6 11. dxc5 Bxc3 12. bxc3 dxc5 13. Qd5+ Qxd5 14. cxd5 Nd8 15. Ne5 Nf7 16. Nxf7 Kxf7 17. a4 1/2-1/2

[Event "72nd MNE-ch 2020"]
[Site "Podgorica"]
[Date "2020.09.12"]
[Round "2"]
[White "Pecurica, Milos"]
[Black "Miletic, Vuk"]
[Result "1/2-1/2"]
[WhiteElo "2359"]
[BlackElo "2159"]
[Annotator "TA"]
[PlyCount "77"]
[EventDate "2020.09.11"]
[EventType "swiss"]
[EventRounds "9"]
[EventCountry "MNE"]

{[%evp 9,77,20,21,24,36,38,38,35,35,33,45,0,0,0,0,0,14,0,5,6,16,16,39,-16,19,8,30,39,39,37,38,30,46,0,21,0,47,0,0,-118,-110,-118,0,0,0,0,0,0,0,0,0,0,0,0,0,0,0,0,0,0,0,0,0,0,0,-33,0,0,0,-125]} 1. d4 Nf6 2. c4 e6 3. Nf3 d5 4. Nc3 a6 5. cxd5 exd5 6. Bg5 {D37: Queen's Gambit Declined: 5 Bf4.} Be6 7. e3 Nbd7 8. Bd3 {White is slightly better.} Bd6 9. Qc2 h6 10. Bh4 c6 11. a3 O-O 12. O-O Qc7 {[#]} 13. Na4 $146 ({Predecessor:} 13. Bg3 Bxg3 14. hxg3 Qd6 15. Rad1 Rfe8 16. Rfe1 Bg4 17. Rc1 Rad8 18. Nd2 c5 19. dxc5 Nxc5 {0-1 (46) Shen,Y (2472)-Ju,W (2559) Yangzhou 2016}) 13... Bg4 14. Bg3 Bxg3 15. hxg3 Rae8 16. Nd2 (16. b4 $14) 16... Re7 17. b4 {[%cal Bb2b4,Bb4c5][%mdl 32]} Rfe8 18. Nc5 Nxc5 19. bxc5 Bc8 20. Rfe1 Qd7 21. Re2 Qg4 22. Rae1 Kf8 23. Nf1 Qg5 24. e4 (24. Nh2 $11 {remains equal.}) 24... dxe4 $17 25. Bxe4 Bf5 (25... Rxe4 $17 26. Rxe4 Rxe4 27. Rxe4 Bf5 {[%mdl 64] Pin}) 26. Bxf5 $11 Rxe2 27. Rxe2 Rxe2 28. Qxe2 Qxf5 29. Qb2 Qd7 30. Ne3 Qe7 31. Kf1 Ne4 32. Nc4 Qf6 33. Kg1 Kg8 34. Ne5 Qf5 35. g4 Qf4 36. Qc2 Nf6 37. Qd1 Qe4 38. g3 Nd5 39. Qf3 {Accuracy: White = 76%, Black = 86%.} (39. Nc4 $11 {keeps the balance.}) 1/2-1/2

[Event "72nd MNE-ch 2020"]
[Site "Podgorica"]
[Date "2020.09.12"]
[Round "2"]
[White "Nikac, Predrag"]
[Black "Karisik, Nenad"]
[Result "1-0"]
[WhiteElo "2312"]
[BlackElo "2106"]
[PlyCount "59"]
[EventDate "2020.09.11"]
[EventType "swiss"]
[EventRounds "9"]
[EventCountry "MNE"]
[TimeControl "5400+30"]

1. e4 c6 2. d4 d5 3. e5 Bf5 4. h4 h5 5. c4 e6 6. Ne2 dxc4 7. Nbc3 Bd3 8. Be3 Ne7 9. Ng3 Nf5 10. Nxf5 Bxf5 11. Bxc4 Nd7 12. Be2 g6 13. f3 Qa5 14. a3 Be7 15. b4 Qc7 16. Rc1 f6 17. g4 hxg4 18. fxg4 fxe5 19. gxf5 Rxh4 20. Rg1 exf5 21. Nd5 Qd6 22. Nxe7 Qxe7 23. Bg5 Qh7 24. dxe5 Rh1 25. Qd4 Rxg1+ 26. Qxg1 Nxe5 27. Rc5 Nd7 28. Qe3+ Kf7 29. Bc4+ Kg7 30. Qd4+ 1-0

[Event "72nd MNE-ch 2020"]
[Site "Podgorica"]
[Date "2020.09.12"]
[Round "2"]
[White "Sukovic, Andrej"]
[Black "Blagojevic, Dragisa"]
[Result "1/2-1/2"]
[WhiteElo "2261"]
[BlackElo "2492"]
[Annotator "TA"]
[PlyCount "167"]
[EventDate "2020.09.11"]
[EventType "swiss"]
[EventRounds "9"]
[EventCountry "MNE"]

{[%evp 19,167,33,33,34,33,38,40,12,33,8,39,41,52,3,36,28,39,0,9,-1,25,19,36,24,37,16,67,55,74,76,84,91,146,128,129,85,98,71,169,162,171,172,198,158,157,41,206,161,162,173,208,-6,263,161,208,126,224,196,198,192,226,212,403,393,425,321,364,362,344,315,298,276,279,0,262,265,289,274,312,297,280,272,321,268,272,243,324,196,208,202,194,175,158,158,166,154,162,158,153,145,154,151,154,77,149,108,92,102,115,109,133,32,54,10,40,40,40,51,52,51,162,161,245,74,280,273,292,302,308,301,304,284,230,0,0,0,0,0,0,0,0,0,0,0,0,0,0,0,0,0]} 1. e4 e5 2. Nf3 Nc6 3. Bb5 a6 4. Ba4 Nf6 5. O-O Be7 6. Re1 d6 7. c3 Bg4 8. h3 Bh5 9. d3 O-O {9...Nd7 gains popularity.} 10. Nbd2 Nd7 11. Nf1 {C87: Closed Ruy Lopez: Steinitz-type lines after 6 Re1 d6.} Nc5 12. Bc2 d5 13. Ng3 {White is slightly better.} Bg6 {[#]} 14. Nf5 $146 ({Predecessor:} 14. Qe2 d4 {½-½ (14) Djukic,N (2486)-Blagojevic,D (2532) Tivat 2011}) 14... Bxf5 (14... Bf6 {is more complex.} 15. Be3 d4 16. cxd4 exd4 17. Bd2 a5) 15. exf5 Bf6 16. Nh2 Qd6 17. Ng4 Rfe8 18. Nxf6+ Qxf6 19. Qg4 Qd6 20. Re3 Kh8 21. Rg3 {[%csl Gg3][%cal Rg4g7]} Rg8 22. Qh5 g6 (22... Nd7 $11) 23. fxg6 $40 {[%mdl 128] White is up to no good.} fxg6 {[#]} 24. Qh4 $1 Raf8 25. Bg5 Nd7 (25... d4 $142) 26. Re1 Rf7 27. Rge3 Rgf8 28. R3e2 Kg8 (28... Ne7 $16) 29. Bh6 Re8 {[#]} 30. f4 $1 {[%mdl 512]} Rfe7 (30... exf4 31. Rxe8+) 31. Bg5 Re6 32. Qg4 (32. Rf1 $16) 32... Nf8 $2 (32... Nd8 $1 $14) 33. f5 gxf5 34. Qxf5 Rg6 35. Bb3 $2 (35. Rf2 $18 Nd8 36. Bxd8 Qxd8 37. Rxe5 Rxe5 38. Qxe5) 35... Kg7 $2 {[%mdl 8192]} (35... Ne6 $11 36. Bf6 Nf4 37. Rxe5 Nxe5 38. Rxe5 Rf8 39. Qxf4 Rfxf6) 36. d4 {[%cal Rd4e5]} ({But not} 36. Rf2 $6 Qe6 $18) 36... Qe6 37. Qxe6 Nxe6 (37... Rexe6 $16 38. Bh4 (38. Bxd5 Rxg5 39. Bxe6 Nxe6 $16) 38... exd4) 38. Bc1 Rd8 39. dxe5 Kh8 40. Rf2 Ne7 $2 (40... Nc5 {was worth a try.} 41. Bc2 Ne4 42. Bxe4 dxe4 43. Rxe4 Rd1+ 44. Rf1 Rxf1+ 45. Kxf1 Re6) 41. Bc2 $18 Rgg8 {[#]} 42. Rf7 $1 {[%csl Gc2][%cal Rf7h7]} Rg7 43. Rf6 Ng5 44. Kh2 Ng8 45. Rf5 Ne6 46. Rf6 $2 (46. Ref1 $18) 46... Re8 $2 {[%mdl 8192]} (46... Ng5 $1 $11 {and Black is okay.} 47. Rff1 Ne6) 47. Rf2 Rge7 48. Be3 b6 49. Bb3 Rd7 50. Rd1 Red8 51. Rfd2 Ne7 52. Bf2 Nc5 53. Bh4 Nxb3 54. axb3 Re8 55. Rd4 c5 56. R4d3 Kg8 57. Bf6 Kf7 58. Rf1 Ke6 59. Bg5 {White threatens Rf6+ and mate.} Ng8 60. g4 Rc8 61. Bf6 ({White should try} 61. h4) 61... Rcc7 ({Black should play} 61... Rf8) 62. h4 d4 63. c4 b5 64. g5 Rb7 65. Rf2 (65. Kg3 $16) 65... Rb6 66. Rc2 Rdb7 67. b4 bxc4 $1 68. Rxc4 Rxb4 69. Rxc5 Rxb2+ (69... Ne7 $1 $14) 70. Kg3 Kf5 {[#]} (70... h5 $142 71. Rc6+ (71. Rxd4 R7b3+ 72. Kf4 Rf2+ 73. Ke4 Re2+ 74. Kf4 Rf2+ 75. Ke4 Re2+ 76. Kf4 Rf2+ $11) 71... Kf5) 71. Rd5 $2 (71. Rf3+ $1 $18 {and the rest is easy.} Kg6 72. Rc8) 71... Ne7 $2 (71... R2b3 $16 {might work better.} 72. R5xd4 Ne7) 72. R5xd4 Kg6 {intending ...Nf5+.} 73. h5+ {[%mdl 64] Decoy} Kxh5 {...Nf5+ is the strong threat.} 74. Rh4+ Kg6 {Threatens to win with ...Nf5+.} 75. Rh6+ Kf5 {White must now prevent ...Ke4.} 76. Rxh7 $2 (76. Rf3+ $18 Ke4 77. Rh4+ Kd5 78. Rd3+ Kc5 79. Ra4) 76... R7b3 $11 {The position is equal.} 77. Rxb3 Rxb3+ {[%mdl 4096] Endgame KRB-KRN} 78. Kf2 Ng6 79. Rc7 Nxe5 80. Bxe5 Kxe5 81. g6 Rb6 82. g7 Rg6 83. Rc6 Rxg7 84. Rxa6 {Black escapes into a draw. Accuracy: White = 62%, Black = 56%.} 1/2-1/2

[Event "72nd MNE-ch 2020"]
[Site "Podgorica"]
[Date "2020.09.12"]
[Round "2"]
[White "Milovic, Aleksandra"]
[Black "Pobor, Danilo"]
[Result "1-0"]
[WhiteElo "2198"]
[BlackElo "2059"]
[PlyCount "95"]
[EventDate "2020.09.11"]
[EventType "swiss"]
[EventRounds "9"]
[EventCountry "MNE"]
[TimeControl "5400+30"]

1. d4 Nf6 2. Nc3 d5 3. Bg5 Nbd7 4. f3 c5 5. e4 dxe4 6. fxe4 Qa5 7. Bxf6 gxf6 8. Qh5 f5 9. O-O-O cxd4 10. Rxd4 Bg7 11. Rd5 Qb6 12. Bb5 e6 13. Rd3 Ke7 14. Bxd7 Bxd7 15. exf5 Rad8 16. Nf3 h6 17. Re1 Bc6 18. fxe6 fxe6 19. Ne5 Bxe5 20. Qxe5 Rxd3 21. Qxe6+ Kd8 22. Qf6+ Kc7 23. Qxh8 Re3 24. Rd1 Re8 25. Qxh6 Qf2 26. Qd6+ Kc8 27. g4 a6 28. b3 Qe3+ 29. Kb2 Qg5 30. Nd5 Qe5+ 31. Qxe5 Rxe5 32. c4 Re2+ 33. Kc3 Rxh2 34. Rd2 Rh3+ 35. Rd3 Rh2 36. Rg3 Kd7 37. g5 Bxd5 38. cxd5 Ke7 39. g6 Kf8 40. d6 Kg7 41. d7 Rh8 42. Rd3 Rd8 43. Rd6 Kf8 44. Kd4 Ke7 45. Ke5 a5 46. a4 b6 47. Re6+ Kf8 48. Kd6 1-0

[Event "72nd MNE-ch 2020"]
[Site "Podgorica"]
[Date "2020.09.12"]
[Round "2"]
[White "Popadic, Dragan"]
[Black "Kalezic, Blazo"]
[Result "0-1"]
[WhiteElo "2171"]
[BlackElo "2448"]
[PlyCount "82"]
[EventDate "2020.09.11"]
[EventType "swiss"]
[EventRounds "9"]
[EventCountry "MNE"]
[TimeControl "5400+30"]

1. e4 c5 2. Nc3 a6 3. g4 Nc6 4. Bg2 d6 5. d3 e5 6. h3 Be7 7. Nd5 Nf6 8. Nxe7 Qxe7 9. Nf3 h5 10. g5 Nh7 11. Be3 Nd4 12. Qd2 Nf8 13. O-O-O Be6 14. Kb1 Qd7 15. Nh4 Rc8 16. Rc1 Ng6 17. Nxg6 fxg6 18. f4 O-O 19. h4 exf4 20. Bxf4 Qf7 21. Bxd6 Bxa2+ 22. Ka1 Qd7 23. Kxa2 Qxd6 24. Kb1 b5 25. Rhe1 Qe5 26. Rf1 b4 27. Bh3 Rb8 28. Bd7 Kh7 29. Ba4 Nb5 30. Rxf8 Rxf8 31. Bxb5 axb5 32. Qe2 Ra8 33. Rf1 Qe6 34. Qf2 Qa2+ 35. Kc1 c4 36. Qf7 Ra7 37. Qf2 c3 38. bxc3 bxc3 39. Kd1 b4 40. Ke2 Qxc2+ 41. Ke3 Qxf2+ 0-1

[Event "72nd MNE-ch 2020"]
[Site "Podgorica"]
[Date "2020.09.12"]
[Round "2"]
[White "Pobor, Milo"]
[Black "Tomic, Aleksandar"]
[Result "0-1"]
[WhiteElo "2143"]
[BlackElo "2373"]
[PlyCount "106"]
[EventDate "2020.09.11"]
[EventType "swiss"]
[EventRounds "9"]
[EventCountry "MNE"]
[TimeControl "5400+30"]

1. e4 c5 2. Nf3 e6 3. d4 cxd4 4. Nxd4 a6 5. Nc3 b5 6. Bd3 Qb6 7. Nb3 Qc7 8. Be3 Bb7 9. O-O Nf6 10. a3 h5 11. h3 d6 12. f4 Nbd7 13. f5 e5 14. Qf3 Be7 15. Rac1 Rc8 16. Rfe1 Bd8 17. a4 b4 18. Na2 d5 19. Nd2 Nc5 20. Bxc5 Qxc5+ 21. Qf2 Qd6 22. Qe2 dxe4 23. Nxe4 Bxe4 24. Bxe4 Qd4+ 25. Kh2 O-O 26. c3 bxc3 27. Nxc3 Ba5 28. Bb7 Rb8 29. Bxa6 e4 30. Bb5 Qe5+ 31. Kg1 Bb6+ 32. Kh1 Bc7 33. g3 Qxf5 34. Qg2 Qg5 35. Rc2 Bxg3 36. Rxe4 h4 37. Rd4 Qe5 38. Rd1 Rfd8 39. Rf1 Nh5 40. Ne2 f5 41. Qf3 g6 42. Qb3+ Kh7 43. Qf7+ Kh6 44. Rc6 Rd6 45. Rxd6 Qe4+ 46. Kg1 Bxd6 47. Qa7 Rxb5 48. axb5 Qxe2 49. Qf2 Qe5 50. Qd2+ Nf4 51. b6 g5 52. Rf3 Bc5+ 53. Kf1 Qe4 0-1

[Event "72nd MNE-ch 2020"]
[Site "Podgorica"]
[Date "2020.09.12"]
[Round "2"]
[White "Krstonijevic, Stjepan"]
[Black "Kalezic, Bojan"]
[Result "1/2-1/2"]
[WhiteElo "2098"]
[BlackElo "1855"]
[PlyCount "93"]
[EventDate "2020.09.11"]
[EventType "swiss"]
[EventRounds "9"]
[EventCountry "MNE"]
[TimeControl "5400+30"]

1. d4 Nf6 2. Nf3 g6 3. Bf4 Bg7 4. h3 O-O 5. e3 d6 6. Be2 Nbd7 7. O-O b6 8. Nbd2 Bb7 9. a4 a6 10. Bh2 Re8 11. c3 Ne4 12. Nxe4 Bxe4 13. Ng5 Bb7 14. Qb3 e6 15. f4 h6 16. Nf3 Nf6 17. Nd2 d5 18. g4 Ra7 19. Bf3 c5 20. Rae1 Ne4 21. Bxe4 dxe4 22. Nc4 Bd5 23. Qxb6 Qa8 24. Nd6 Rb8 25. Qxc5 Rxb2 26. Nc8 Rab7 27. Ne7+ Kh7 28. Nxd5 exd5 29. f5 Rxh2 30. fxg6+ fxg6 31. Kxh2 Rb2+ 32. Kg1 Qb8 33. Rf4 g5 34. Qxd5 gxf4 35. Qxe4+ Kh8 36. exf4 Rb6 37. a5 Rf6 38. Rf1 Qc7 39. Qe3 Qxa5 40. Rb1 Qc7 41. Qe5 Qxe5 42. fxe5 Rf3 43. Rb8+ Kh7 44. e6 Re3 45. d5 Bxc3 46. d6 Rxe6 47. d7 1/2-1/2

[Event "72nd MNE-ch 2020"]
[Site "Podgorica"]
[Date "2020.09.12"]
[Round "2"]
[White "Vuckovic, Marko"]
[Black "Petrovic, Slavko"]
[Result "1-0"]
[WhiteElo "2059"]
[BlackElo "1909"]
[PlyCount "141"]
[EventDate "2020.09.11"]
[EventType "swiss"]
[EventRounds "9"]
[EventCountry "MNE"]
[TimeControl "5400+30"]

1. e4 c5 2. Nf3 Nc6 3. d4 cxd4 4. Nxd4 d6 5. Nc3 e6 6. g3 Nf6 7. Bg2 Bd7 8. Nde2 a6 9. a4 Qc7 10. O-O Be7 11. b3 O-O 12. Bb2 Rfd8 13. h3 Rac8 14. f4 Be8 15. Qe1 Nb4 16. Rc1 d5 17. e5 Nd7 18. Kh1 Bc5 19. Nd1 Qb6 20. g4 d4 21. Qg3 Nf8 22. Nf2 Bc6 23. Rfd1 Bxg2+ 24. Kxg2 Ng6 25. Nd3 Nd5 26. Kh2 Ne3 27. Rd2 Be7 28. Nxd4 Rxd4 29. Qxe3 Rd6 30. Qxb6 Rxb6 31. Kg3 Rbc6 32. Kf3 b5 33. axb5 axb5 34. Nf2 f5 35. exf6 gxf6 36. Ne4 Kf7 37. c3 e5 38. fxe5 Nxe5+ 39. Kf4 Ke6 40. Rcd1 Ra8 41. Ng3 Ng6+ 42. Kf3 Nh4+ 43. Ke4 Rc5 44. Ne2 Re5+ 45. Kf4 Bc5 46. Nd4+ Bxd4 47. Rxd4 Ng6+ 48. Kf3 Ra2 49. R1d2 Re1 50. c4 Ne5+ 51. Kf2 Rb1 52. Rd6+ Ke7 53. Bxe5 Rxd2+ 54. Rxd2 fxe5 55. Rd5 bxc4 56. bxc4 Ke6 57. Rb5 Rc1 58. Rb6+ Kf7 59. Rc6 h5 60. gxh5 Rc3 61. Kg2 Kg7 62. c5 e4 63. h4 Rc2+ 64. Kg3 e3 65. Kf3 e2 66. Kf2 e1=Q+ 67. Kxe1 Rh2 68. h6+ Kh7 69. h5 Rxh5 70. Kd2 Rh3 71. Rd6 1-0

[Event "72nd MNE-ch 2020"]
[Site "Podgorica"]
[Date "2020.09.12"]
[Round "2"]
[White "Djurovic, Peko"]
[Black "Cadjenovic, Dragan"]
[Result "1-0"]
[WhiteElo "2003"]
[BlackElo "1841"]
[PlyCount "43"]
[EventDate "2020.09.11"]
[EventType "swiss"]
[EventRounds "9"]
[EventCountry "MNE"]
[TimeControl "5400+30"]

1. e4 d5 2. exd5 Qxd5 3. Nc3 Qd8 4. d4 Nf6 5. Nf3 b6 6. Be2 Bb7 7. O-O Nbd7 8. Ne5 e6 9. Bf3 Nd5 10. Nxd5 exd5 11. Re1 Be7 12. Qe2 Nf6 13. Qb5+ Kf8 14. Nc6 Bxc6 15. Qxc6 Rc8 16. Bg5 h6 17. Bxf6 Bxf6 18. Bg4 Rb8 19. Bd7 Be7 20. Re2 b5 21. Rae1 Rb6 22. Rxe7 1-0

[Event "72nd MNE-ch 2020"]
[Site "Podgorica"]
[Date "2020.09.12"]
[Round "2"]
[White "Petrusic, Goran"]
[Black "Lakusic, Zoran"]
[Result "1/2-1/2"]
[WhiteElo "1935"]
[BlackElo "1711"]
[PlyCount "90"]
[EventDate "2020.09.11"]
[EventType "swiss"]
[EventRounds "9"]
[EventCountry "MNE"]
[TimeControl "5400+30"]

1. e4 c5 2. Nc3 Nc6 3. g3 Nf6 4. Bg2 e5 5. Nge2 Rb8 6. a4 a6 7. d3 b5 8. axb5 axb5 9. O-O Be7 10. h3 b4 11. Nd5 Bb7 12. Be3 Nd4 13. c3 Nxe2+ 14. Qxe2 Nxd5 15. exd5 bxc3 16. bxc3 d6 17. f4 exf4 18. Bxf4 O-O 19. Rfb1 Bf6 20. Qc2 g5 21. Bd2 Be5 22. g4 h6 23. Be4 Qf6 24. Rf1 Qg7 25. Ra7 c4 26. Kg2 cxd3 27. Qxd3 Bc8 28. Bf5 Bxf5 29. Rxf5 Rb3 30. Rc7 Qg6 31. Qc2 Rb5 32. Qc1 f6 33. c4 Rb3 34. Qc2 Rg3+ 35. Kf2 Kh8 36. Qa4 Rxh3 37. Qd7 Rh2+ 38. Ke1 Bg3+ 39. Kd1 Rh1+ 40. Kc2 Kg8 41. Qe6+ Kh8 42. Qe7 Kg8 43. Qe6+ Kh8 44. Qe7 Kg8 45. Qe6+ Kh8 1/2-1/2

[Event "72nd MNE-ch 2020"]
[Site "Podgorica"]
[Date "2020.09.12"]
[Round "2"]
[White "Skenderovic, Ismet"]
[Black "Lazarevic, Zoran V"]
[Result "0-1"]
[WhiteElo "1913"]
[BlackElo "2132"]
[PlyCount "122"]
[EventDate "2020.09.11"]
[EventType "swiss"]
[EventRounds "9"]
[EventCountry "MNE"]
[TimeControl "5400+30"]

1. d4 d5 2. Nf3 e6 3. Bf4 Nf6 4. e3 Bd6 5. Nbd2 O-O 6. Bd3 b6 7. O-O Ba6 8. Qe2 Bxf4 9. Bxa6 Nxa6 10. exf4 Qc8 11. Rac1 c5 12. c4 Qb7 13. cxd5 exd5 14. Qb5 Nc7 15. Qb3 c4 16. Qc2 Ne6 17. g3 b5 18. Rfe1 Qb6 19. Qc3 b4 20. Qe3 Rfe8 21. f5 Ng4 22. Qe2 Nc7 23. Qd1 Rxe1+ 24. Qxe1 Re8 25. Qd1 Nh6 26. Qa4 Nxf5 27. Qd7 g6 28. Ne5 Rf8 29. Ndf3 Qd6 30. Re1 Qxd7 31. Nxd7 Rd8 32. Nde5 Ne6 33. Nc6 Rd6 34. Nxb4 a5 35. Nc2 Rb6 36. Rb1 a4 37. g4 Nd6 38. Ne3 Nf4 39. Nd1 Ne4 40. Ra1 h5 41. gxh5 gxh5 42. Kf1 Nd3 43. Ng1 Nxb2 44. Ne3 Rb5 45. f3 Nf6 46. Ne2 a3 47. Nc3 Rb6 48. Nexd5 Nxd5 49. Nxd5 Rd6 50. Ne3 Rxd4 51. Rc1 Rh4 52. Kg2 Rd4 53. Rc3 Rd2+ 54. Kg3 Rd3 55. Rxd3 cxd3 56. Kf2 Kg7 57. Ke1 Kf6 58. Kd2 Ke5 59. Ng2 Kd4 60. Nf4 Nc4+ 61. Kd1 Ke3 0-1

[Event "72nd MNE-ch 2020"]
[Site "Podgorica"]
[Date "2020.09.12"]
[Round "2"]
[White "Koljevic, Nikolina"]
[Black "Alivodic, Dario"]
[Result "1/2-1/2"]
[WhiteElo "1870"]
[BlackElo "2103"]
[PlyCount "71"]
[EventDate "2020.09.11"]
[EventType "swiss"]
[EventRounds "9"]
[EventCountry "MNE"]
[TimeControl "5400+30"]

1. e4 c5 2. Nf3 a6 3. d4 cxd4 4. Nxd4 Nf6 5. Nc3 e5 6. Nf3 Qc7 7. a3 Bc5 8. Be2 d6 9. O-O h6 10. Qd3 Be6 11. Be3 Nbd7 12. Nd2 O-O 13. Kh1 b5 14. f4 Bxe3 15. Qxe3 exf4 16. Qxf4 Ne5 17. Qg3 Nfd7 18. Rad1 Rfb8 19. Nb3 b4 20. axb4 Rxb4 21. Rd4 a5 22. Rfd1 Rb6 23. R1d2 Bxb3 24. cxb3 Nf6 25. Bc4 Rab8 26. Qf2 Neg4 27. Qf4 Ne5 28. Qf2 Nxc4 29. bxc4 Qb7 30. Rxd6 Rxd6 31. Rxd6 Qxb2 32. Rd8+ Kh7 33. Qf5+ g6 34. Qxf6 Rxd8 35. Qxf7+ Kh8 36. Qf6+ 1/2-1/2

[Event "72nd MNE-ch 2020"]
[Site "Podgorica"]
[Date "2020.09.12"]
[Round "2"]
[White "Bacic, Kristina"]
[Black "Vujovic, Savo"]
[Result "0-1"]
[WhiteElo "1856"]
[BlackElo "2082"]
[PlyCount "58"]
[EventDate "2020.09.11"]
[EventType "swiss"]
[EventRounds "9"]
[EventCountry "MNE"]
[TimeControl "5400+30"]

1. d4 d5 2. Nf3 Nf6 3. Bf4 c5 4. c3 Nc6 5. e3 Qb6 6. Qb3 c4 7. Qxb6 axb6 8. Na3 Na7 9. h3 e5 10. dxe5 Bxa3 11. Rb1 Ne4 12. bxa3 Nxc3 13. Rxb6 Nc6 14. Nd4 Nxd4 15. exd4 Rxa3 16. g4 h5 17. Bg2 Rxa2 18. Bg5 Re2+ 19. Kf1 Ra2 20. f4 Ne2 21. Rd6 O-O 22. Rh2 Nxd4 23. Rxd5 Nf3 24. Bxf3 Rxh2 25. Bg2 hxg4 26. h4 g3 27. Rc5 Bf5 28. e6 fxe6 29. Bxb7 Rb8 0-1

[Event "72nd MNE-ch 2020"]
[Site "Podgorica"]
[Date "2020.09.12"]
[Round "2"]
[White "Sabotic, Denis"]
[Black "Kandic, Milojko"]
[Result "0-1"]
[WhiteElo "1708"]
[BlackElo "1961"]
[PlyCount "116"]
[EventDate "2020.09.11"]
[EventType "swiss"]
[EventRounds "9"]
[EventCountry "MNE"]
[TimeControl "5400+30"]

1. e4 e6 2. Nf3 d5 3. exd5 exd5 4. d4 Nf6 5. Bg5 Be7 6. Bd3 O-O 7. O-O Bg4 8. Nbd2 Ne4 9. Bxe7 Qxe7 10. Re1 f5 11. h3 Bxf3 12. Nxf3 Nd7 13. c4 dxc4 14. Bxc4+ Kh8 15. Bd3 c5 16. d5 Ndf6 17. Ng5 Qe5 18. Nxe4 fxe4 19. Bxe4 Nxe4 20. f3 Rf4 21. Rxe4 Rxe4 22. fxe4 Qxe4 23. Qb3 b6 24. Rd1 h6 25. d6 Rd8 26. Qf7 Qe8 27. Qc7 Qd7 28. Re1 Kh7 29. Re7 Qxc7 30. dxc7 Rc8 31. Kf2 Kg6 32. Ke3 Kf6 33. Rd7 g5 34. Ke4 Ke6 35. Rh7 Kd6 36. Rxh6+ Kxc7 37. Rg6 Re8+ 38. Kf5 Re2 39. Rxg5 Rxb2 40. Rg7+ Kc6 41. h4 c4 42. Ke4 Rd2 43. h5 c3 44. Ke3 Rd5 45. Rg8 Rxh5 46. Rc8+ Kd5 47. Rxc3 a5 48. Kf4 b5 49. g4 Rh2 50. a3 Kd4 51. Rf3 Rh8 52. g5 b4 53. Kg4 Kc4 54. g6 b3 55. Rf7 b2 56. Rb7 Kc3 57. Kf4 Kc2 58. Rc7+ Kb3 0-1

[Event "72nd MNE-ch 2020"]
[Site "Podgorica"]
[Date "2020.09.12"]
[Round "2"]
[White "Mosurovic, Milena"]
[Black "Podlesnik, Bogdan"]
[Result "0-1"]
[WhiteElo "1353"]
[BlackElo "2354"]
[PlyCount "51"]
[EventDate "2020.09.11"]
[EventType "swiss"]
[EventRounds "9"]
[EventCountry "MNE"]
[TimeControl "5400+30"]

1. e4 c5 2. Nc3 e6 3. g3 d5 4. exd5 exd5 5. Bg2 Nf6 6. d3 d4 7. Qe2+ Be7 8. Ne4 O-O 9. Nf3 Nxe4 10. dxe4 Nc6 11. O-O Be6 12. Bf4 h6 13. Rfd1 Qb6 14. b3 Rfd8 15. Bc1 a5 16. Bb2 a4 17. Rac1 Nb4 18. Ra1 Qa6 19. Qxa6 Rxa6 20. Ne1 axb3 21. axb3 Rxa1 22. Rxa1 Nxc2 23. Nxc2 Bxb3 24. Rc1 d3 25. Ne3 d2 26. Ra1 0-1